[Event "Acropolis Open"]
[Site "Athens GRE"]
[Date "2003.08.31"]
[Round "7"]
[White "Dobrov,V"]
[Black "Skembris,S"]
[Result "1-0"]
[WhiteElo "2469"]
[BlackElo "2443"]

1.d4 Nf6 2.c4 e6 3.Nf3 b6 4.Nc3 Bb4 5.Qc2 Bb7 6.a3 Bxc3+ 7.Qxc3 Ne4 8.Qc2 O-O
9.e3 f5 10.Be2 Ng5 11.Bd2 c5 12.Bc3 cxd4 13.Bxd4 Nc6 14.Bc3 Ne4 15.Rd1 Rc8
16.O-O Qe7 17.Nd4 Nxd4 18.Rxd4 Nxc3 19.Qxc3 e5 20.Rd2 d5 21.Qb3 d4 22.c5+ Kh8
23.cxb6 axb6 24.Rfd1 Qg5 25.Bf1 dxe3 26.fxe3 Bf3 27.Re1 Rc6 28.Qb4 Rfc8 29.Rf2 Be4
30.Ba6 Rg8 31.Bb7 Rf6 32.Bxe4 fxe4 33.Rxf6 Qxf6 34.Qxe4 Rf8 35.Qc2 h6 36.h3 e4
37.Rd1 Qh4 38.Kh2 Rf2 39.Qc8+ Kh7 40.Rd8 Qf6 41.Rh8+ Kg6 42.Qg4+ Kf7 43.Qh5+ g6
44.Qd5+ Ke7 45.Qd8+ Ke6 46.Re8+  1-0

[Event "Acropolis Open"]
[Site "Athens GRE"]
[Date "2003.08.31"]
[Round "7"]
[White "Gershon,A"]
[Black "Rozentalis,E"]
[Result "1/2-1/2"]
[WhiteElo "2510"]
[BlackElo "2586"]

1.d4 Nf6 2.c4 e6 3.Nf3 b6 4.Nc3 Bb7 5.Bg5 h6 6.Bh4 Be7 7.Qc2 d5 8.cxd5 Nxd5
9.Bxe7 Qxe7 10.e3 O-O 11.Be2 c5 12.Nxd5  1/2-1/2

[Event "V Open"]
[Site "Sants ESP"]
[Date "2003.08.31"]
[Round "2"]
[White "Prouteau,T"]
[Black "Sprenger,J"]
[Result "0-1"]
[WhiteElo "2088"]
[BlackElo "2492"]

1.d4 Nf6 2.Nf3 b6 3.c4 e6 4.Nc3 Bb4 5.Qc2 Bb7 6.Bg5 h6 7.Bh4 g5 8.Bg3 Ne4
9.a3 Bxc3+ 10.bxc3 d6 11.Nd2 f5 12.f3 Nxg3 13.hxg3 Qf6 14.e4 f4 15.e5 dxe5
16.Ne4 Qg7 17.O-O-O exd4 18.gxf4 gxf4 19.Rh4 Nc6 20.Rg4 Qe5 21.c5 O-O-O 22.cxd4 Nxd4
23.Nd6+ Rxd6 24.cxd6 Nxc2 25.d7+ Kd8  0-1

[Event "Acropolis Open"]
[Site "Athens GRE"]
[Date "2003.09.01"]
[Round "8"]
[White "Malakhatko,V"]
[Black "Gershon,A"]
[Result "0-1"]
[WhiteElo "2498"]
[BlackElo "2510"]

1.d4 Nf6 2.c4 e6 3.Nf3 b6 4.Nc3 Bb7 5.Bg5 h6 6.Bh4 Be7 7.Qc2 c5 8.dxc5 bxc5
9.e3 O-O 10.Be2 d6 11.Rd1 Qb6 12.O-O Rd8 13.Rd2 Nbd7 14.Rfd1 Nf8 15.h3 Rd7
16.Bg3 Rad8 17.Nh2 N8h7 18.Bf3 Ng5 19.Bxb7 Qxb7 20.f3 d5 21.Nf1 Qa6 22.Qa4 Qb6
23.Qb5 Ngh7 24.e4 Qxb5 25.Nxb5 d4 26.Rd3 a6 27.Na3 Rb7 28.Rb1 Nd7 29.Nc2 e5
30.Nd2 Rdb8 31.Rb3 Bg5 32.Rxb7 Rxb7 33.Nb3 Nhf8 34.h4 Bd8 35.Ne1 Ne6 36.Nd3 f6
37.h5 a5 38.Rc1 a4 39.Nd2 Ba5 40.Rc2 Bxd2 41.Rxd2 Nd8 42.Be1 Nc6 43.Rc2 Kf7
44.Kf1 Ke6 45.Ke2 Kd6 46.Kd1 Nf8 47.g3 Ne6 48.f4 Ned8 49.Ke2 f5 50.Nf2 Re7
51.Kf3 Kc7 52.Bd2 Nb7 53.exf5 e4+ 54.Nxe4 d3 55.Rc3 Nd4+ 56.Kg4 Rxe4 57.Rxd3 Nd6
58.b4 Nxc4 59.Kh3 Nxd2  0-1

[Event "ch-Nordic"]
[Site "Aarhus DEN"]
[Date "2003.09.07"]
[Round "2"]
[White "Hansen,Cu"]
[Black "Schandorff,L"]
[Result "1-0"]
[WhiteElo "2618"]
[BlackElo "2525"]

1.d4 Nf6 2.c4 e6 3.Nf3 b6 4.Nc3 Bb7 5.a3 d5 6.Bg5 Be7 7.Bxf6 Bxf6 8.cxd5 exd5
9.Qb3 O-O 10.Rd1 Re8 11.e3 c6 12.g3 Na6 13.Bg2 c5 14.O-O Rc8 15.h4 c4 16.Qa4 Nb8
17.Rfe1 Bc6 18.Qc2 b5 19.e4 dxe4 20.Nxe4 Bxe4 21.Rxe4 Rxe4 22.Qxe4 Qe7 23.Ne5 Rd8
24.Re1 h6 25.Re3 a5 26.a4 bxa4 27.Bf1 Nd7 28.Bxc4 Bxe5 29.dxe5 Nc5 30.Qc6 Rd4
31.Qb5 Ne6 32.Qxa4 Qd8 33.Qc6 Qc7 34.Qe8+ Kh7 35.Bxe6 fxe6 36.Qxe6 Qc1+ 37.Kg2 Rd1
38.Qf5+ Kh8 39.Qf8+ Kh7 40.Qf5+ Kh8 41.Qf3 Rh1 42.Qa8+ Kh7 43.Qe4+ Kh8 44.Rd3  1-0

[Event "FSGM September"]
[Site "Budapest HUN"]
[Date "2003.09.07"]
[Round "2"]
[White "Ovsejevitsch,S"]
[Black "Nguyen Ngoc Truongson"]
[Result "0-1"]
[WhiteElo "2497"]
[BlackElo "2435"]

1.d4 Nf6 2.c4 e6 3.Nf3 b6 4.Nc3 Bb7 5.Qc2 Bb4 6.a3 Bxc3+ 7.Qxc3 d6 8.Bg5 Nbd7
9.Nd2 h6 10.Bh4 g5 11.Bg3 Nh5 12.e4 Qf6 13.Rc1 Nxg3 14.hxg3 O-O-O 15.Be2 Qg7
16.d5 Qg8 17.b4 Kb8 18.Nb3 Qf8 19.O-O h5 20.Qe3 h4 21.c5 Qh6 22.g4 dxc5 23.bxc5 exd5
24.c6 Bxc6 25.Qc3 Bb7 26.Qxc7+ Ka8 27.exd5 h3 28.Rc6 Qh7 29.Na5 bxa5 30.Ba6 Nc5  0-1

[Event "56th ch-RUS"]
[Site "Krasnoyarsk RUS"]
[Date "2003.09.11"]
[Round "8"]
[White "Obukhov,A"]
[Black "Yemelin,V"]
[Result "1/2-1/2"]
[WhiteElo "2487"]
[BlackElo "2550"]

1.d4 Nf6 2.c4 e6 3.Nf3 b6 4.Nc3 Bb4 5.Qb3 c5 6.a3 Ba5 7.Bg5 Bb7 8.e3 O-O
9.Be2 cxd4 10.exd4 Bxc3+ 11.Qxc3 Ne4 12.Bxd8 Nxc3 13.Be7 Re8 14.Bd6 Ne4  1/2-1/2

[Event "ch-Nordic"]
[Site "Aarhus DEN"]
[Date "2003.09.12"]
[Round "6"]
[White "Gausel,E"]
[Black "Palo,D"]
[Result "1-0"]
[WhiteElo "2533"]
[BlackElo "2510"]

1.d4 Nf6 2.Nf3 e6 3.c4 b6 4.Nc3 Bb7 5.Bg5 h6 6.Bh4 g5 7.Bg3 Nh5 8.e3 d6 9.d5 Nxg3
10.hxg3 Bg7 11.Nd4 c5 12.Nc2 exd5 13.cxd5 a6 14.a4 Nd7 15.e4 Qe7 16.Ne3 Bd4
17.Qd3 Nf6 18.Be2 Bc8 19.f4 gxf4 20.gxf4 Rb8 21.Bf3 h5 22.Nc2 Bxc3+ 23.bxc3 Ng4
24.Ne3 Qf6 25.Bxg4 hxg4 26.Rxh8+ Qxh8 27.f5 b5 28.axb5 Rxb5 29.Nc4 Qh1+ 30.Qf1 Qh6
31.Kd1 Kd8 32.Kc2 Kc7 33.Qf2 Qh2 34.Qe2 Qh4 35.Rf1 g3 36.Qf3 Bd7 37.Qf4 Qxf4
38.Rxf4 Rb8 39.Rg4 Ba4+ 40.Kc1 Bb5 41.Nd2 a5 42.Rxg3 a4 43.Kb2 Rh8 44.Rg7 Be8
45.Ka3 Rh1 46.Rg8 Bd7 47.Ra8 Ra1+ 48.Kb2 Re1 49.Ra7+ Kd8 50.Nc4 Rxe4 51.Nxd6 Re2+
52.Ka3 f6 53.g4 Re3 54.Kb2 Re2+ 55.Kc1 Re1+ 56.Kd2 Ra1 57.Kc2 Re1 58.Kd3 Ra1
59.Kc4 a3 60.Nb7+ Kc8 61.Nxc5  1-0

[Event "ch-Nordic"]
[Site "Aarhus DEN"]
[Date "2003.09.15"]
[Round "9"]
[White "Gausel,E"]
[Black "Hansen,Cu"]
[Result "1/2-1/2"]
[WhiteElo "2533"]
[BlackElo "2618"]

1.d4 Nf6 2.Nf3 e6 3.c4 b6 4.Nc3 Bb7 5.a3 d5 6.Bg5 Be7 7.Qa4+ Qd7 8.Qxd7+ Nbxd7
9.e3 c5 10.dxc5 Nxc5 11.Rd1 Nfe4 12.Bxe7 Kxe7 13.Nxe4 dxe4 14.Nd4 Rac8 15.Nb5 Nd3+
16.Bxd3 exd3 17.Rxd3 Rxc4 18.f3 Rc1+ 19.Rd1 Rc2 20.Rd2 Rc1+ 21.Rd1 Rc2 22.Rd2 Rc1+  1/2-1/2

[Event "EYg16"]
[Site "Budva YUG"]
[Date "2003.09.15"]
[Round "3"]
[White "Keskin,S"]
[Black "Polagaeva,K"]
[Result "0-1"]
[WhiteElo "2009"]
[BlackElo "2192"]

1.d4 Nf6 2.c4 e6 3.Nc3 b6 4.Nf3 Bb7 5.e3 Bb4 6.Be2 Bxc3+ 7.bxc3 Ne4 8.Qc2 d6
9.O-O Nd7 10.Ne1 f5 11.f3 Ng5 12.Nd3 O-O 13.Bd2 Qe7 14.Nf4 Nf6 15.Bd3 e5
16.Nd5 Nxd5 17.cxd5 e4 18.fxe4 fxe4 19.Bc4 h6 20.Bb3 Rxf1+ 21.Rxf1 Rf8 22.Rxf8+ Kxf8
23.Be1 Nh7 24.Qf2+ Qf6 25.Qxf6+ Nxf6 26.c4 b5 27.cxb5 Bxd5 28.Bxd5 Nxd5 29.Kf2 Ke7
30.Ke2 Ke6 31.Ba5 h5 32.h3 g5 33.Kd2 Kf5 34.Ke2 Ke6 35.a3 Kd7 36.Be1 Nb6
37.h4 g4 38.Bb4 Ke6 39.Kf2 Nc4 40.a4 Kd5 41.Bc3 Nb6 42.a5 Nc4 43.Be1 Nb2
44.Ke2 Kc4 45.b6 cxb6 46.axb6 axb6 47.Bg3 d5 48.Kd2 Kb3 49.Bc7 b5 50.Ke2 Kc2
51.Bd6 Nd3 52.Bc5 b4 53.Bxb4 Nxb4 54.Kf2 Kd2  0-1

[Event "FSIM September"]
[Site "Budapest HUN"]
[Date "2003.09.16"]
[Round "11"]
[White "Madl,I"]
[Black "Farago,S"]
[Result "1/2-1/2"]
[WhiteElo "2361"]
[BlackElo "2319"]

1.d4 Nf6 2.c4 e6 3.Nc3 b6 4.Nf3 Bb7 5.Qc2 d5 6.cxd5 exd5 7.g3 c6 8.Bg2 Be7
9.O-O O-O 10.a3 Nbd7 11.b4 Re8 12.e3 Bf8 13.Nd2 Rc8 14.Qd3 a6 15.Rb1 b5 16.a4 Nb6  1/2-1/2

[Event "EYb14"]
[Site "Budva YUG"]
[Date "2003.09.21"]
[Round "8"]
[White "Siebarth,R"]
[Black "Spoelman,W"]
[Result "0-1"]
[WhiteElo "2117"]
[BlackElo "2169"]

1.d4 Nf6 2.c4 e6 3.Nf3 b6 4.Nc3 Bb4 5.Qc2 Bb7 6.e3 Ne4 7.Bd3 f5 8.O-O Bxc3
9.bxc3 O-O 10.Ba3 d6 11.Rad1 Nd7 12.Nd2 Qh4 13.f3 Ng5 14.f4 Nh3+ 15.gxh3 Qxh3
16.e4 Rf6 17.Rf3 Rg6+ 18.Kf2 Qxh2+ 19.Ke3 Nf6 20.Be2 fxe4 21.Nxe4 Bxe4 22.Qb2 d5
23.cxd5 exd5 24.Rdf1 Rg2 25.R3f2 Rxf2 26.Rxf2 Qg3+  0-1

[Event "zt 2.4"]
[Site "Sao Paulo BRA"]
[Date "2003.09.24"]
[Round "6"]
[White "Disconzi da Silva,R"]
[Black "Zambrana,O"]
[Result "0-1"]
[WhiteElo "2377"]
[BlackElo "2404"]

1.d4 Nf6 2.c4 e6 3.Nf3 b6 4.Nc3 Bb7 5.Bg5 Be7 6.e3 O-O 7.Qc2 d5 8.Bxf6 Bxf6
9.cxd5 exd5 10.Bd3 h6 11.O-O-O Nd7 12.h4 g6 13.h5 g5 14.Kb1 Re8 15.Bf5 Nf8
16.Rhe1 c5 17.e4 cxd4 18.Nxd5 Bxd5 19.exd5 Qxd5 20.Be4 d3 21.Qa4 Rxe4 22.Qxe4 Qb5
23.Nd4 Qb4 24.Nb3 Qxe4 25.Rxe4 Ne6 26.g3 a5 27.a4 Rd8 28.Re3 Nc5 29.Nxc5 bxc5
30.Rdxd3 Bd4 31.Re2 Rb8 32.Ka2 Rb4 33.Ka3 Rc4 34.Rb3 Rc1 35.Ka2 Rc4 36.Rb8+ Kg7
37.Kb3 Rc1 38.Rc2 Rf1 39.Rb5 Rxf2 40.Rxf2 Bxf2 41.Kc4 f5 42.Kd5 Bxg3 43.Rxa5 g4
44.Rxc5 Kf6 45.a5 Bf2 46.a6 Bxc5 47.Kxc5 g3 48.a7 g2 49.a8=Q g1=Q+ 50.Kb4 Qd4+
51.Ka3 Qc5+ 52.Ka2 Kg5 53.Qe8 Qa5+ 54.Kb1 Qb6 55.Qf7 f4 56.Qd5+ Kg4 57.Qd1+ f3
58.Qd7+ Kg3 59.Qg7+ Kh2 60.Qf7 Qg1+ 61.Ka2 f2 62.Qf4+ Qg3 63.Qd2 Qf3 64.b4 Kh1  0-1

[Event "ECC"]
[Site "Rethymnon GRE"]
[Date "2003.09.28"]
[Round "1"]
[White "Kempinski,R"]
[Black "Edvardsson,K"]
[Result "1-0"]
[WhiteElo "2565"]
[BlackElo "2253"]

1.d4 Nf6 2.c4 e6 3.Nf3 b6 4.Nc3 Bb7 5.Qc2 c5 6.dxc5 Bxc5 7.Bf4 O-O 8.e3 d5
9.a3 Nbd7 10.cxd5 Nxd5 11.Nxd5 Bxd5 12.Bb5 Nf6 13.Rd1 Qc8 14.Qe2 a6 15.Bd3 Qb7
16.O-O h6 17.b4 Be7 18.Rc1 Bxf3 19.gxf3 Rfc8 20.Be5 Rxc1 21.Rxc1 Rc8 22.Rxc8+ Qxc8
23.Qc2 Qxc2 24.Bxc2 a5 25.bxa5 bxa5 26.a4 Nd5 27.Bb3 Nb4 28.Bc4 Nc6 29.Bc7 Bb4
30.Bb5 Ne7 31.e4 Kf8 32.Kf1 f6 33.Ke2 Nc8 34.Bd7 Nd6 35.Bxe6 Ke7 36.Bd5 Kd7
37.Bb6 Nc8 38.Be3 Bd6 39.f4 g5 40.fxg5 hxg5 41.Bd2 Bc7 42.Bc3 Bd8 43.Kf3 Ke7
44.Kg4 Bc7 45.Kf5 Bxh2 46.Bxf6+ Kd6 47.Kxg5 Nb6 48.Bb3 Nd7 49.Bc3 Bg1 50.f4 Nc5
51.Bc2 Be3 52.Kg4 Nb7 53.e5+ Ke7 54.f5 Bc5 55.Be4  1-0

[Event "ECC"]
[Site "Rethymnon GRE"]
[Date "2003.09.28"]
[Round "1"]
[White "Mchedlishvili,M"]
[Black "Kouvatsos,F"]
[Result "1-0"]
[WhiteElo "2566"]
[BlackElo "2067"]

1.d4 Nf6 2.Nf3 e6 3.c4 b6 4.Nc3 Bb4 5.Qb3 c5 6.Bg5 Bb7 7.O-O-O Bxc3 8.Qxc3 Ne4
9.Bxd8 Nxc3 10.bxc3 Kxd8 11.d5 Ke7 12.e4 d6 13.e5 dxe5 14.Nxe5 Rd8 15.Be2 exd5
16.Bf3 Nd7 17.Nxd7 Rxd7 18.Rhe1+ Kf6 19.cxd5 b5 20.Rd2 Rad8 21.Red1 Ke5 22.Re2+ Kd6
23.Rb2 Ba6 24.Be2 c4 25.a4 bxa4 26.Rb4 Kc5 27.Rxa4 Bb5 28.Ra2 a6 29.Bf3 Re7
30.Rad2 Rd6 31.Ra2 f5 32.h4 Rh6 33.g3 Rd6 34.Kd2 Rdd7 35.Re1 Rxe1 36.Kxe1 Re7+
37.Kd2 g6 38.h5 g5 39.Ra1 h6 40.g4 fxg4 41.Bxg4 Kxd5 42.Rf1 Kc5 43.Bf5 Rf7
44.Be4 a5 45.Ke3 a4 46.Rd1 Rd7 47.Ra1 Ra7 48.f4 Re7  1-0

[Event "ECC"]
[Site "Rethymnon GRE"]
[Date "2003.09.30"]
[Round "3"]
[White "Roiz,M"]
[Black "Efimenko,Z"]
[Result "1/2-1/2"]
[WhiteElo "2554"]
[BlackElo "2546"]

1.d4 Nf6 2.c4 e6 3.Nf3 b6 4.Nc3 Bb4 5.Qc2 Bb7 6.a3 Bxc3+ 7.Qxc3 O-O 8.Bg5 d6
9.Nd2 c5 10.dxc5 bxc5 11.e3 Nbd7 12.Bd3 h6 13.Bh4 Qb6 14.O-O d5 15.cxd5 exd5
16.Bf5 d4 17.exd4 cxd4 18.Qh3 Ne5 19.Bg3 Qb5 20.a4 Qd5 21.Rfe1 Neg4 22.Bd3 Bc8
23.Ne4 Nxf2 24.Nxf6+ gxf6 25.Qxh6 Nxd3 26.Bh4 Nxe1 27.Rxe1 Bb7 28.Re2 Qf5
29.Bxf6 Qb1+ 30.Kf2 Qh7 31.Qg5+ Qg6 32.Qh4 Qh7 33.Qg5+ Qg6 34.Qh4  1/2-1/2

[Event "Tatry Open"]
[Site "Tatranske Zruby SVK"]
[Date "2003.10.01"]
[Round "6"]
[White "Jelen,P"]
[Black "Petrik,T"]
[Result "0-1"]
[WhiteElo "2206"]
[BlackElo "2407"]

1.c4 Nf6 2.Nf3 e6 3.d4 b6 4.Nc3 Bb7 5.a3 d5 6.cxd5 Nxd5 7.e3 Be7 8.Bb5+ c6
9.Bd3 Nxc3 10.bxc3 c5 11.O-O Nc6 12.e4 Rc8 13.Qe2 O-O 14.Bb2 Re8 15.Rad1 Qc7
16.h3 Bf6 17.e5 Be7 18.Qe4 g6 19.Qg4 Bf8 20.Ng5 Ne7 21.Qh4 h6 22.Ne4 Bxe4
23.Qxe4 Bg7 24.Rfe1 Red8 25.h4 cxd4 26.cxd4 Qc6 27.Qg4 h5 28.Qg3 Qe8 29.Qf3 Qc6
30.Be4 Qb5 31.Bc1 Nd5 32.Rd3 Rc4 33.g4 hxg4 34.Qxg4 Qa4 35.h5 Rxd4 36.hxg6 Rxd3
37.Qh4 Nf4 38.Bxf4 Rd1 39.Qh7+ Kf8 40.Bh6 Rxe1+ 41.Kh2 Rh1+  0-1

[Event "300 Years"]
[Site "St Petersburg RUS"]
[Date "2003.10.19"]
[Round "2"]
[White "Neverov,V"]
[Black "Smirnov,Ar"]
[Result "1/2-1/2"]
[WhiteElo "2550"]
[BlackElo "2358"]

1.c4 Nf6 2.d4 e6 3.Nf3 b6 4.Nc3 Bb4 5.e3 Ne4 6.Qc2 Bb7 7.Bd3 f5 8.O-O Bxc3
9.bxc3 O-O 10.Nd2 Nxd2 11.Bxd2 Nc6 12.f3 Qh4 13.Be1 Qg5 14.e4 Na5 15.exf5 exf5
16.Bd2 Qf6 17.Rfe1 d6 18.d5 Ba6 19.Qa4 Qf7 20.Re2 Rfe8 21.Rae1 Rxe2 22.Rxe2 Kf8
23.Re6 Re8 24.Bxf5 Bxc4 25.Qc2 Bxd5 26.Rxe8+ Qxe8 27.Bxh7 Nc4 28.h3 Nxd2
29.Qxd2 Bb7 30.Bd3 Qe5 31.f4 Qa5 32.Bb1 Qd5 33.Qxd5 Bxd5 34.g4 c5 35.Kf2 Ke7
36.h4 b5 37.Ke3 a5 38.g5 Bf7 39.f5 b4 40.cxb4 axb4 41.Ke4 c4 42.Kd4 c3 43.Ke3 Bh5
44.Bc2 Bf7  1/2-1/2

[Event "WYb16"]
[Site "Halkidiki GRE"]
[Date "2003.10.26"]
[Round "4"]
[White "Mankeyev,Raua"]
[Black "Papp,Ga"]
[Result "1-0"]
[WhiteElo "2254"]
[BlackElo "2432"]

1.d4 Nf6 2.c4 e6 3.Nf3 b6 4.Nc3 Bb4 5.Bg5 h6 6.Bh4 Bb7 7.e3 g5 8.Bg3 Ne4
9.Qc2 Qe7 10.Bd3 Bxc3+ 11.bxc3 Nxg3 12.hxg3 d6 13.Be4 c6 14.g4 Nd7 15.Nd2 Nf6
16.Bf3 c5 17.a4 Rc8 18.a5 Bxf3 19.gxf3 cxd4 20.Qa4+ Kf8 21.cxd4 bxa5 22.Qxa5 Rc7
23.Rb1 Kg7 24.Kf1 e5 25.dxe5 dxe5 26.Rb5 Re8 27.Kg2 Rc6 28.Nf1 Qe6 29.Ng3 Kh7
30.e4 a6 31.Rb7 Qxc4 32.Nf5 h5 33.Qd2 Kg6 34.gxh5+ Kh7 35.Nd6 Rxd6 36.Qxd6 Kg7
37.h6+ Kg6 38.h7 g4 39.Rh6+  1-0

[Event "300 Years"]
[Site "St Petersburg RUS"]
[Date "2003.10.26"]
[Round "9"]
[White "Zakharevich,I"]
[Black "Ibraev,N"]
[Result "1-0"]
[WhiteElo "2524"]
[BlackElo "2442"]

1.d4 Nf6 2.c4 e6 3.Nf3 b6 4.Nc3 Bb4 5.Bg5 h6 6.Bh4 Bb7 7.e3 g5 8.Bg3 Ne4
9.Qc2 Bxc3+ 10.bxc3 d6 11.Bd3 f5 12.d5 exd5 13.cxd5 Bxd5 14.Nd4 Qf6 15.O-O Nd7
16.f3 Nxg3 17.hxg3 O-O 18.e4 Bf7 19.Nxf5 Nc5 20.g4 Rae8 21.Bb5 Re5 22.Rad1 Ne6
23.Bc4 Rc5 24.Bb3 Kh8 25.Qd2 Kh7 26.Rc1 Bg6 27.g3 Ng7 28.Nd4 Re8 29.Kg2 c6
30.Rh1 Rce5 31.Rh2 d5 32.Rch1 h5 33.gxh5 Bf7 34.h6 Nh5 35.Rxh5 Bxh5 36.Rxh5 dxe4
37.Bc2 c5 38.Bxe4+ Rxe4 39.fxe4 cxd4 40.cxd4 Qg6 41.Rxg5 Qxe4+ 42.Kg1 Qb1+
43.Kh2 Rc8 44.Kh3 Rf8 45.Qe2 Rf7 46.Rg7+ Rxg7 47.hxg7 Kxg7 48.Qe5+ Kg6 49.Qe6+ Kg5
50.Qd5+ Kg6 51.Kh4 b5 52.Qd6+ Kg7 53.Qd7+ Kg6 54.Qc6+ Kg7 55.Qb7+ Kf6 56.Qa6+ Kf5
57.g4+ Kf4 58.Qf6+ Ke3 59.Qe5+ Kd2 60.d5 Qh7+ 61.Kg3 Qd3+ 62.Kf2 Qh3 63.Qe2+  1-0

[Event "Classics II GM"]
[Site "Gausdal NOR"]
[Date "2003.10.27"]
[Round "9"]
[White "Quinn,M"]
[Black "Pilgaard,K"]
[Result "1/2-1/2"]
[WhiteElo "2411"]
[BlackElo "2459"]

1.Nf3 Nf6 2.c4 e6 3.d4 b6 4.Nc3 Bb7 5.a3 d5 6.cxd5 Nxd5 7.e3 Be7 8.Bb5+ c6
9.Bd3 O-O 10.e4 Nxc3 11.bxc3 c5 12.Qe2 Qc7 13.O-O Rd8 14.Bb2 Nd7 15.Rad1 Nf8
16.g3 c4 17.Bc2 b5 18.Ne5 a5  1/2-1/2

[Event "After Holidays GM"]
[Site "Tel Aviv ISR"]
[Date "2003.10.28"]
[Round "9"]
[White "Khmelniker,I"]
[Black "Lerner,K"]
[Result "1/2-1/2"]
[WhiteElo "2451"]
[BlackElo "2524"]

1.d4 Nf6 2.c4 e6 3.Nf3 b6 4.Nc3 Bb7 5.a3 g6 6.Bg5 Bg7 7.e3 h6 8.Bh4 O-O 9.Be2 d6
10.O-O Nbd7 11.d5 e5 12.Nd2 a6 13.e4 Qe8 14.b4 Nh7 15.f3 f5 16.Bf2 Qe7 17.Nb3 Bc8
18.c5 Ng5 19.Bd3 bxc5 20.bxc5 Nf6 21.Nd2 Nh5 22.Re1 Nf4 23.Bf1 fxe4 24.Ndxe4 Bf5
25.Kh1 Nxe4 26.Nxe4 Rfb8 27.cxd6  1/2-1/2

[Event "WYg18"]
[Site "Halkidiki GRE"]
[Date "2003.10.29"]
[Round "7"]
[White "Ambrosi,E"]
[Black "Paridar,S"]
[Result "0-1"]
[WhiteElo "2108"]
[BlackElo "2253"]

1.d4 Nf6 2.Nf3 e6 3.c4 b6 4.Nc3 Bb7 5.Bg5 h6 6.Bxf6 Qxf6 7.e4 Bb4 8.e5 Qg6
9.a3 Bxc3+ 10.bxc3 O-O 11.Qe2 f6 12.O-O-O c5 13.Qe3 cxd4 14.Rxd4 f5 15.Be2 Qf7
16.Rhd1 Bc6 17.Kd2 Na6 18.Ke1 Nc5 19.Rd6 Qe7 20.Qc1 Ba4 21.R1d4 Nb3 22.Qb2 Nxd4
23.cxd4 Rac8 24.Qb4 Bc6 25.d5 exd5 26.cxd5 Ba8 27.Bc4 Qe8 28.Qb5 Rc5 29.Qb3 Rf6
30.e6 b5 31.Bxb5 Qb8 32.Rxd7 Rxb5  0-1

[Event "18th Open"]
[Site "Le Touquet FRA"]
[Date "2003.10.31"]
[Round "7"]
[White "Roeder,M"]
[Black "Villeneuve,A"]
[Result "1-0"]
[WhiteElo "2458"]
[BlackElo "2282"]

1.d4 Nf6 2.c4 e6 3.Nf3 b6 4.Nc3 Bb7 5.a3 d5 6.cxd5 exd5 7.Bf4 Be7 8.Qc2 O-O
9.e3 Na6 10.Be2 c5 11.Rd1 Nc7 12.O-O Ne6 13.Be5 Qc8 14.dxc5 Qxc5 15.Nd4 Nxd4
16.Bxd4 Qc6 17.Rc1 Rfd8 18.Nb5 Qxc2 19.Rxc2 Rd7 20.Rfc1 Bd8 21.Nc7 Rc8 22.Be5 Re7
23.Nxd5 Rxe5 24.Nxf6+ gxf6 25.Rxc8 Bxc8 26.Rxc8 Rd5 27.Kf1 a5 28.Bc4 Rd7
29.Ke2 Kg7 30.Bd3 Bc7 31.Re8 Be5 32.b3 Bd6 33.a4 h6 34.Bb5 Re7 35.Rd8 Bb4
36.Bc4 Rc7 37.Rb8 Bc5 38.Bb5 Re7 39.Rd8 Bb4 40.Bc4 Rc7 41.Kd3 Re7 42.e4 Bc5
43.f4 Bg1 44.h3 h5 45.Rc8 Bh2 46.Rc6 Rb7 47.Ke3 Bg1+ 48.Kf3 Re7 49.Bd5 f5
50.e5 Rd7 51.Bc4 Rd2 52.Rf6 Rf2+ 53.Kg3 h4+ 54.Kxh4  1-0

[Event "TCh-BEL 2003-4"]
[Site "Belgium BEL"]
[Date "2003.11.02"]
[Round "3"]
[White "Roeder,M"]
[Black "Le Quang,K"]
[Result "1/2-1/2"]
[WhiteElo "2458"]
[BlackElo "2268"]

1.d4 Nf6 2.c4 e6 3.Nf3 b6 4.Nc3 Bb4 5.Bg5 Bb7 6.e3 h6 7.Bh4 g5 8.Bg3 Ne4
9.Qc2 Bxc3+ 10.bxc3 Nxg3 11.fxg3 g4 12.Nh4 Qg5 13.Qd2 f5 14.Bd3 O-O 15.O-O Nc6
16.Rf4 Ne7 17.Raf1 b5 18.cxb5 Nd5 19.R4f2 Nxe3 20.Re1 Nd5 21.c4 Qxd2 22.Rxd2 Nc3
23.Ng6 Rf6 24.Nf4 a6 25.Rc2 Ne4 26.a4 Kf7 27.a5 Ke7 28.b6 cxb6 29.axb6 e5
30.dxe5 Rxb6 31.Ra1 Rb3 32.c5 Rc8 33.Bc4  1/2-1/2

[Event "FSGM November"]
[Site "Budapest HUN"]
[Date "2003.11.02"]
[Round "2"]
[White "Taylor,T"]
[Black "Nguyen Ngoc Truongson"]
[Result "1-0"]
[WhiteElo "2385"]
[BlackElo "2417"]

1.d4 Nf6 2.c4 e6 3.Nf3 b6 4.Nc3 Bb7 5.Bg5 Bb4 6.Nd2 Bxc3 7.bxc3 h6 8.Bh4 d6
9.f3 Nbd7 10.e4 g5 11.Bf2 Nh5 12.a4 a5 13.g3 Qe7 14.Bd3 f5 15.O-O f4 16.e5 O-O
17.g4 Ng7 18.exd6 cxd6 19.Rb1 h5 20.h3 Rab8 21.Qe2 hxg4 22.hxg4 Kf7 23.Kg2 Ne8
24.Rh1 Nef6 25.d5 Ne5 26.dxe6+ Qxe6 27.Bf5 Qe8 28.Rxb6 Nexg4 29.Qxe8+ Rfxe8
30.Bxg4 Re7 31.Kf1  1-0

[Event "ch-UKR"]
[Site "Simferopol UKR"]
[Date "2003.11.04"]
[Round "1"]
[White "Shishkin,Va"]
[Black "Shulga,J"]
[Result "1-0"]
[WhiteElo "2473"]
[BlackElo "2297"]

1.d4 Nf6 2.c4 e6 3.Nf3 b6 4.Nc3 Bb7 5.Bg5 Be7 6.Qc2 d5 7.e3 Ne4 8.Bxe7 Qxe7
9.Bd3 Nxc3 10.Qxc3 dxc4 11.Qxc4 O-O 12.Rc1 Nd7 13.Qc2 h6 14.O-O Bxf3 15.gxf3 c5
16.dxc5 Qxc5 17.f4 Rac8 18.Rfd1 Qxc2 19.Bxc2 Nf6 20.f5 exf5 21.Bxf5 Rxc1
22.Rxc1 g6 23.Bc8 Rd8 24.Rc2 Ne4 25.Kf1 Nc5 26.Bg4 a5 27.Ke2 Kf8 28.a3 Ke7
29.b4 axb4 30.axb4 Na6 31.b5 Nc5 32.Bf3 f5 33.Bc6 Rd6 34.h4 g5 35.hxg5 hxg5
36.Ra2 Kf6 37.Ra8 g4 38.Rb8 Na4 39.Kf1 Ke5 40.Kg2 Re6 41.Kg3 Rh6 42.Bd7 Nc5
43.Re8+ Kf6 44.Bc6 Nd3 45.Rd8 Rh3+ 46.Kg2 Ne1+ 47.Kg1 Ke5 48.Rb8 Rh6 49.Rxb6 Nf3+
50.Kf1 Rh1+ 51.Ke2 Re1+ 52.Kd3 Rd1+ 53.Kc3 Rc1+ 54.Kd3 Rd1+ 55.Kc2 Rf1  1-0

[Event "ch-UKR"]
[Site "Simferopol UKR"]
[Date "2003.11.09"]
[Round "6"]
[White "Anapolsky,S"]
[Black "Mihalichenko,B"]
[Result "1-0"]
[WhiteElo "2425"]
[BlackElo "2265"]

1.d4 Nf6 2.Nf3 e6 3.c4 b6 4.Nc3 Bb4 5.Bg5 h6 6.Bh4 Bb7 7.Nd2 O-O 8.e3 c5
9.a3 Bxc3 10.bxc3 d6 11.f3 e5 12.d5 Nbd7 13.Bd3 Qe7 14.e4 g5 15.Bf2 Nh5 16.g3 Ng7
17.Qe2 f6 18.h4 Rf7 19.Nf1 Nf8 20.Ne3 Bc8 21.Kd2 Ne8 22.Rag1 Rh7 23.f4 Kh8
24.hxg5 hxg5 25.Qf3 Qg7 26.Rxh7+ Nxh7 27.Rh1 Rb8 28.Bf1 gxf4 29.gxf4 exf4
30.Qxf4 Qg5 31.Qxg5 fxg5 32.Bg3 Rb7 33.Bh3 Bxh3 34.Rxh3 Re7 35.Kd3 Nf6 36.Bxd6 Rxe4
37.Bb8 Re8 38.Bxa7 Nd7 39.Rh6 Ra8 40.Bxb6 Ra6 41.Rd6 Nxb6 42.a4 Kg7 43.a5 Rxa5
44.Rxb6 Nf6 45.Rb5 Ra2 46.Rxc5 g4 47.d6 Ra6 48.Rc7+ Kg6 49.c5  1-0

[Event "British Rapidplay"]
[Site "Halifax ENG"]
[Date "2003.11.16"]
[Round "7"]
[White "Pert,N"]
[Black "Arkell,K"]
[Result "1-0"]
[WhiteElo "2488"]
[BlackElo "2513"]

1.d4 e6 2.Nf3 Nf6 3.c4 b6 4.Nc3 Bb4 5.Bg5 Bb7 6.Nd2 h6 7.Bh4 Nc6 8.e3 Bxc3
9.bxc3 Ne7 10.f3 Ng6 11.Bf2 e5 12.Bd3 Qe7 13.Qc2 exd4 14.cxd4 Nf4 15.O-O Nxd3
16.Qxd3 c5 17.d5 d6 18.a4 Nd7 19.a5 O-O 20.Qb3 f5 21.Ra3 Rab8 22.axb6 axb6
23.Ra7 f4 24.exf4 Rxf4 25.Ne4 Rff8 26.Bg3 Ne5 27.Re1 Ra8 28.Rxb7 Qxb7 29.Nxd6 Nxf3+
30.Qxf3 Qd7 31.Qe4 Kh8 32.Qe6 Qa7 33.h3 Rf6 34.Qg4 Rd8 35.Kh2 Rdxd6 36.Bxd6 Rxd6
37.Re8+ Kh7 38.Qe4+ Rg6 39.Re6 Qf7 40.Kg1  1-0

[Event "Friendship IM"]
[Site "Cartak CZE"]
[Date "2003.11.18"]
[Round "9"]
[White "Biolek,R2"]
[Black "Obsivac,J"]
[Result "1/2-1/2"]
[WhiteElo "2436"]
[BlackElo "2361"]

1.d4 Nf6 2.c4 e6 3.Nf3 b6 4.Nc3 Bb7 5.a3 d5 6.cxd5 Nxd5 7.Qc2 Nxc3 8.bxc3 Be7
9.e4 O-O 10.Bd3 c5 11.O-O Qc8 12.Qe2 Ba6 13.Rd1 cxd4 14.cxd4 Bxd3 15.Rxd3 Nd7  1/2-1/2

[Event "7th Cup GM"]
[Site "Paks HUN"]
[Date "2003.11.20"]
[Round "2"]
[White "Taylor,T"]
[Black "Toth,An1"]
[Result "1-0"]
[WhiteElo "2385"]
[BlackElo "2419"]

1.d4 Nf6 2.c4 e6 3.Nf3 b6 4.Nc3 Bb4 5.Bg5 Bb7 6.Nd2 h6 7.Bh4 Bxc3 8.bxc3 d6
9.f3 Nbd7 10.e4 e5 11.Bd3 Qe7 12.O-O g5 13.Bf2 c5 14.Re1 Nf8 15.Nf1 Ng6 16.Ne3 Bc8
17.g3 Qc7 18.Nf5 Ne7 19.Qd2 Bd7 20.Ng7+ Kf8 21.Nf5 Nxf5 22.exf5 Bc6 23.d5 Bb7
24.h4 g4 25.Be3 Kg7 26.fxg4 Nxg4 27.f6+ Nxf6 28.Rf1 Rag8 29.Bxh6+  1-0

[Event "TCh-SLO"]
[Site "Celje SLO"]
[Date "2003.11.22"]
[Round "8"]
[White "Cebalo,M"]
[Black "Palac,M"]
[Result "1/2-1/2"]
[WhiteElo "2486"]
[BlackElo "2534"]

1.d4 Nf6 2.c4 e6 3.Nf3 b6 4.Nc3 Bb7 5.a3 d5 6.cxd5 Nxd5 7.Bd2 Nd7 8.Nxd5 exd5
9.g3 Bd6 10.Bg2 O-O 11.O-O Re8 12.Re1 Nf6 13.Rc1 Ne4 14.Be3 Qe7 15.Nd2 Rad8
16.Qc2 g6 17.Bxe4 dxe4 18.Nc4 c6 19.Nxd6 Rxd6 20.Qa4 Rd5 21.Rc3 Qd7 22.h4 Ra5
23.Qc2 Qh3 24.Rc1 Rh5 25.Qa4 Ra5 26.Qd1 Rh5 27.Qf1 Qg4 28.Kh2 Qd7 29.Qh3 Qxh3+
30.Kxh3 Rb5 31.b4 h5 32.Kg2 Kf8 33.Bg5 Re6 34.Kf1 Ke8 35.Rc4 Rbe5 36.a4 a6
37.Be3 Kd7 38.Ke1 Bc8 39.Ra1 Kc7 40.a5 b5 41.Rc5 Kd7 42.Rac1  1/2-1/2